=LDR 00000nam 2200000 4500 =001 INLIS000000000008728 =005 20161018091755.0 =006 =007 =008 Ind =035 ##$$0010-061300000008728 =041 ##$$a Ind =082 ##$$a 410 =090 ##$$a 410 Ter t =245 ##$$a Terampil Berbahasa indonesia klas II =260 ##$$a 2000 $b Semarang =300 ##$$a X,99 hlm, Ilus, 30 cm =650 ##$$a Bahasa indonesia-Setudi dan penajaran =850 ##$$a NBPNMAT =990 ##$$a 1202612026 =990 ##$$a 01201712026 =990 ##$$a AN00005923 =990 ##$$a AN00005924 =990 ##$$a AN00005925 =990 ##$$a AN00005926